The Impact of Negative Feedback through Recasting and Typographical Enhancement on Second Language Acquisition / (Record no. 27846)

MARC details
000 -LEADER
fixed length control field 014360000a22003250004500
003 - CONTROL NUMBER IDENTIFIER
control field EG-GICUC
005 - DATE AND TIME OF LATEST TRANSACTION
control field 20250223030120.0
008 - FIXED-LENGTH DATA ELEMENTS--GENERAL INFORMATION
fixed length control field 061214s2006 ua f m 000 0 eng d
040 ## - CATALOGING SOURCE
Original cataloging agency EG-GICUC
Language of cataloging eng
Transcribing agency EG-GICUC
041 0# - LANGUAGE CODE
Language code of text/sound track or separate title Eng
049 ## - LOCAL HOLDINGS (OCLC)
Holding library Deposite
097 ## - Thesis Degree
Thesis Level M.A
099 ## - LOCAL FREE-TEXT CALL NUMBER (OCLC)
Classification number Cai01.02.12.M.A.2006.Sa.I.
100 0# - MAIN ENTRY--PERSONAL NAME
Personal name Sayed Mohammed Hassan
245 14 - TITLE STATEMENT
Title The Impact of Negative Feedback through Recasting and Typographical Enhancement on Second Language Acquisition /
Statement of responsibility, etc. Sayed Mohammed Hassan ; Supervised Amira Agameya
246 15 - VARYING FORM OF TITLE
Title proper/short title اثر التغذية الاسترجاعية السلبية الناتجة عن اعادة صياغة تركيبة لغوية للدارس والابراز المطبعى على اكتساب اللغة الثانية
260 ## - PUBLICATION, DISTRIBUTION, ETC.
Place of publication, distribution, etc. Cairo :
Name of publisher, distributor, etc. Sayed Mohammed Hassan ,
Date of publication, distribution, etc. 2006
300 ## - PHYSICAL DESCRIPTION
Extent 225P ;
Dimensions 25cm
502 ## - DISSERTATION NOTE
Dissertation note Thesis (M.A.) - Cairo University - Faculty Of Arts - Department Of English
520 ## - SUMMARY, ETC.
Summary, etc. The issue of whether and how instruction on the second language (SL) grammar should be provided has been the focus of second language acquisition research over the years
530 ## - ADDITIONAL PHYSICAL FORM AVAILABLE NOTE
Additional physical form available note Issued also as CD
653 #4 - INDEX TERM--UNCONTROLLED
Uncontrolled term Negative Feedback
653 #4 - INDEX TERM--UNCONTROLLED
Uncontrolled term Recasting
653 #4 - INDEX TERM--UNCONTROLLED
Uncontrolled term Second Language Acquisition
700 0# - ADDED ENTRY--PERSONAL NAME
Personal name Amira Agameya ,
Relator term
856 ## - ELECTRONIC LOCATION AND ACCESS
Uniform Resource Identifier <a href="http://172.23.153.220/th.pdf">http://172.23.153.220/th.pdf</a>
905 ## - LOCAL DATA ELEMENT E, LDE (RLIN)
Cataloger Amira
Reviser Cataloger
905 ## - LOCAL DATA ELEMENT E, LDE (RLIN)
Cataloger Esam
Reviser Revisor
942 ## - ADDED ENTRY ELEMENTS (KOHA)
Source of classification or shelving scheme Dewey Decimal Classification
Koha item type Thesis
Holdings
Source of classification or shelving scheme Not for loan Home library Current library Date acquired Full call number Barcode Date last seen Koha item type Copy number
Dewey Decimal Classification   المكتبة المركزبة الجديدة - جامعة القاهرة قاعة الرسائل الجامعية - الدور الاول 11.02.2024 Cai01.02.12.M.A.2006.Sa.I. 01010110046361000 22.09.2023 Thesis  
Dewey Decimal Classification   المكتبة المركزبة الجديدة - جامعة القاهرة مخـــزن الرســائل الجـــامعية - البدروم 11.02.2024 Cai01.02.12.M.A.2006.Sa.I. 01020110046361000 22.09.2023 CD - Rom 46361.CD
Cairo University Libraries Portal Implemented & Customized by: Eng. M. Mohamady Contacts: new-lib@cl.cu.edu.eg | cnul@cl.cu.edu.eg
CUCL logo CNUL logo
© All rights reserved — Cairo University Libraries
CUCL logo
Implemented & Customized by: Eng. M. Mohamady Contact: new-lib@cl.cu.edu.eg © All rights reserved — New Central Library
CNUL logo
Implemented & Customized by: Eng. M. Mohamady Contact: cnul@cl.cu.edu.eg © All rights reserved — Cairo National University Library